00637 2200193 4500001002100000005001500021035002000036245014800056100002000204250002000224300004000244856003700284700002200321260004200343082001000385084001600395020002200411600001000433INLIS00000000114847920260602092053 a0010-06260000121 aKhazanah Sejarah :bPusparagam Peristiwa Menginspirasi /cPenulis ; Prof. DR. H. Ahmad M. Sewang, M.A, Editor ; Prof. Dr. Hj. Syamsudhuha Saleh0 aAhmad M. Sewang aCetakan Pertama axx + 284 cm :b- ;c14.5 x 21 cme- aDInas Perpustakaan Kota Makassar0 aSyamsudhuha Saleh aYogyakarta :bPustaka Al-Zikra,c2019 a297.9 a297.9 AHM k a978-602-5555-07-7 4aAgama